000 00814nam a22002297a 4500
999 _c4582
_d4582
003 AR-CdUCM
008 190311b ||||| |||| 00| 0 spa d
040 _aMUNICIPALIDAD PROVINCIAL DEL CUSCO
_cBIBLIOTECA MUNICIPAL DEL CUSCO
082 _22ed.
_a867.47 /
_bS24
100 _aSaulnier, V. L.
_914315
245 _aLa literatura francesa del siglo romántico /
260 _aBuenos Aires :
_bEUDEBA,
_c1968.
300 _a169 páginas ;
_c15 cm.
440 _aLos inseparables
_n82
_914316
500 _aDonación de Luis Nieto
505 _aContenido: La generación del "mal del siglo" -- La generación de balzac -- La generación del segundo imperio...
650 _aLiteratura francesa
_9913
650 _aFilosofía moderna
_913004
650 _aSiglo XVIII
_9837
942 _2ddc
_cLIBROS
945 _adavv